| 000 | 00613nam a22001457a 4500 | ||
|---|---|---|---|
| 003 | LRUA | ||
| 005 | 20231107204846.0 | ||
| 008 | 231107b xxu||||| |||| 00| 0 eng d | ||
| 040 | _cDLC | ||
| 082 | _2FAO ជីវិត 2017 C011 Or. | ||
| 245 | _aការអប់រំបំណិនជីវិតការរៀបចំសួនបន្លែសាលារៀន និងការអប់រំអំពីអាហារូបត្ថម្ពសៀវភៅណែនាំសម្រាប់គ្រូបង្គោល | ||
| 260 |
_aPhnom Penh _c2017 |
||
| 300 | _aXXII.159P | ||
| 942 |
_2ddc _cKB |
||
| 999 |
_c22146 _d22146 |
||